000 01376cam a2200409 i 4500
001 3830
003 FISKH
005 20240521155442.0
008 140924s2014 nyua b 000 1 eng
010 _a 2014427441
020 _a9781435157743
020 _a9781445422039
040 _aDLC
_beng
_erda
_cDLC
042 _alcac
_apcc
050 0 0 _aPZ7.F7343
_bBob 2014
082 0 0 _a[E]
_223
100 1 _aFolgueira, Rodrigo,
_d1972-
245 1 0 _aBob the Dog /
_cwritten Rodrigo Folgueira ; illustrated by Poly Bernatene.
250 _aThis edition printing in 2011
260 _aNew York :
_bParagon,
_c2010.
300 _a28 unnumbered pages :
_bcolor illustrations ;
_c25 cm
336 _atext
_btxt
_2rdacontent
336 _astill image
_bsti
_2rdacontent
337 _aunmediated
_bn
_2rdamedia
338 _avolume
_bnc
_2rdacarrier
520 _aWhile playing in the park with his boy, Mark, Bob the Dog accidentally swallows Jeremy the Canary and is terribly upset, but Jeremy is fine--he just wants a hiding place.
521 8 _a500
_bLexile
521 8 _aH
_bRaz-Plus
650 1 _aDogs
_vFiction.
650 1 _aCanaries
_vFiction.
650 1 _aBirds
_vFiction.
650 1 _aBehavior
_vFiction.
700 1 _aBernatene, Poly,
_eillustrator.
906 _a7
_bcbc
_corignew
_d2
_encip
_f20
_gy-gencatlg
942 _2ddc
_cBK
_n0
999 _c3830
_d3830